Plant cell biology : from astronomy to zoology (Record no. 184762)
[ view plain ]
| 000 -LEADER | |
|---|---|
| fixed length control field | 00440nam a2200157Ia 4500 |
| 005 - DATE AND TIME OF LATEST TRANSACTION | |
| control field | 20250506145325.0 |
| 008 - FIXED-LENGTH DATA ELEMENTS--GENERAL INFORMATION | |
| fixed length control field | 231217s9999 xx 000 0 und d |
| 020 ## - INTERNATIONAL STANDARD BOOK NUMBER | |
| International Standard Book Number | 9780123742339 |
| 082 ## - DEWEY DECIMAL CLASSIFICATION NUMBER | |
| Classification number | 581.1 WAY;1 R |
| 100 ## - MAIN ENTRY--PERSONAL NAME | |
| Personal name | Wayne, Randy. |
| 245 #0 - TITLE STATEMENT | |
| Title | Plant cell biology : from astronomy to zoology |
| 260 ## - PUBLICATION, DISTRIBUTION, ETC. (IMPRINT) | |
| Date of publication, distribution, etc. | 2009 |
| Name of publisher, distributor, etc. | Academic Press |
| Place of publication, distribution, etc. | Burlington |
| 300 ## - PHYSICAL DESCRIPTION | |
| Extent | xvi, 392 |
| 650 ## - SUBJECT ADDED ENTRY--TOPICAL TERM | |
| Topical term or geographic name as entry element | Plant,cell,biology,astronomy,zoology |
| 942 ## - ADDED ENTRY ELEMENTS (KOHA) | |
| Koha item type | Books |
| Date last seen | Total Checkouts | Full call number | Accession number | Old discount | Cost, replacement price | Price effective from | Category | Lost status | Damaged status | Department | Withdrawn status | bill no. | bill date | Permanent Location | Current Location | Shelving location | Entry date | Vendor | Cost, normal purchase price | Grants | Currency symbol | Conversion rate | Discount | Discount type |
|---|---|---|---|---|---|---|---|---|---|---|---|---|---|---|---|---|---|---|---|---|---|---|---|---|
| 26/01/2024 | 581.1 WAY;1 R | 57490 | 20 | 3146.83 | 26/01/2024 | Books | Central Library | BR-260 | 14/09/2013 | Central Library | Central Library | Central Library | 23/12/2009 | Royal Biblioman | 79.95 | BT/PG | USD | 49.2 | 15.99 | Rupees |
